| 000 | 00691nam a2200217Ia 4500 | ||
|---|---|---|---|
| 005 | 20250507130327.0 | ||
| 008 | 008 250505s9999 xx 000 0 eng d | ||
| 020 | _a9781901903911 | ||
| 037 | _aAnnuals, Advances | ||
| 040 |
_aEASL _beng _cEASL |
||
| 041 |
_aeng _2eng |
||
| 084 |
_aV41:1942,(zM).N5, P5 _qEASL |
||
| 100 |
_aBrook Timothy Au. _9664908 |
||
| 245 | 0 | _aCollaboration: Japanese agents and local elites in wartime China | |
| 260 |
_aUK _bLondon Harvard University press _c2005 |
||
| 300 | _ax,288p. | ||
| 365 |
_a¥ _b3521 |
||
| 650 |
_aSino Japanese conflict _9664909 |
||
| 942 |
_cTEXL _hV41:1942,(zM).N5, P5 |
||
| 999 |
_c1319034 _d1319034 |
||